000 00674cam a22002411 4500
001 sa 68001128
003 DLC
005 20260227112430.0
008 710903s1967 ii b 00010 eng
010 _asa 68001128 //r93
025 _aPL480:I-E-9184
040 _aDLC
_cDLC
_dDLC
043 _aa-ii---
050 0 0 _aHJ1320.M9
_bK53
082 0 0 _a354.54/87/0072
100 1 0 _aKher, Sitaram Pandit,
_d1925-
245 1 4 _aThe finances of the Mysore State
_c[by] S. P. Kher.
260 0 _aBombay,
_bPopular Prakashan
_c[1967]
300 _axiv, 265 p.
_c23 cm.
350 _aRs28
504 _aBibliography: p. [254]-258.
650 0 _aFinance, Public
_zIndia
_zKarnataka.
999 _c77725
_d77725